000 00405nam a2200181Ia 4500
001 831
005 20260306140547.0
008 260306t1999||||xx |||||||||||||| ||spa||
041 _aESP
082 _a170
_bO28
100 _aOcéano
_eAUT
245 0 _aMoralistas castellanos
260 _c1999
300 _axlix, 522 páginas :
_c20 cm.
650 _aGEN
654 _aCHU
942 _cLIB
_dJUS
_fJUS
_2ddc
_n
999 _c831
_d831